MDQL
is popping MORE tags! Check the
thread
!
Quizzes
Events
Quiz Creation
Community
Videos
Private Events
Remove Ads
Sign In
Join for FREE
Feedback
Dark Mode
Quiz Categories
Sports
Geography
Music
Movies
Television
Just For Fun
Miscellaneous
History
Literature
Language
Science
Gaming
Entertainment
Religion
Holiday
For Kids
Quiz Lab
Recent
Popular Today
Quiz Kudos Today
Editor Picks
Curator Picks
Quizzes by...
Day
Popularity
Type
Ratings
Length
Year
Community
Subscriptions
Recent Discussions
Orange Saloon
Badges
Playlists
Quests
Create
Leaderboards
Showdown
Live 5
Trivia Bingo
Activity
Puzzle Library
Sporcle Events
Private Events
Virtual Trivia
Globe League
Become a Host
Pub Owners
SporcleCon
Opinionation
Our Games
Videos
Blog
Mobile Apps
Partnerships
Remove Ads and Go Orange
Feedback
Music
Pop Music
The Beatles
Song
Album
Lyrics
Bands
Singers
Artist
Clip
Rock
Rap
Classical
Billboard
Country Music
Kpop
Taylor Swift
Music
Pop Music
The Beatles
Song
Album
Lyrics
Bands
Singers
Artist
Clip
Rock
Rap
Classical
Billboard
Country Music
Kpop
Taylor Swift
Random Quiz
Search Sporcle
×
Quiz Lab
Quiz Lab
Music
Song
Type in answers that appear in a list
Type in answers that appear in a list
Classic
Best Score? Go Orange.
Lady Gaga songs Stats
Can you name the Lady Gaga songs?
By
123cee
5m
15 Questions
164 Plays
164 Plays
164 Plays
Comments
Comments
Give Quiz Kudos
Give Quiz Kudos
-
- Ratings
hide this ad
Forced Order
Answers have to be entered in order
Answers have to be entered in order
Replay
Link that replays current quiz
Next Quiz
Link to next quiz in quiz playlist
You Got
0%
They Got
Avg Score
77%
Avg Friend Score
Upgrade to see
Score Distribution
Jump to the score distribution portion of the page
Score
0/15
Timer
05:00
0
Plays Today
Lyric:
Song:
% Correct
I want your ugly, I want your disease
Bad Romance
93.9%
Hello, hello baby you called I cant hear a thing
Telephone
92.1%
Keep it cool, whats the name of this club?
Just Dance
89.6%
I'm your biggest fan I'll follow you
Paparazzi
89%
Let's have some fun this beat is sick
LoveGame
89%
And after he's been hooked I'll play the one that's on his heart
Poker Face
88.4%
She's got both hands in her pockets
Alejandro
87.8%
Daddy I'm so sorry Im so sorry sorry yeah
Beautiful, Dirty, Rich
74.4%
Lyric:
Song:
% Correct
Groove, slam work it back, space cowboy just play that track
Starstruck
73.8%
You taste just like glitter mixed with rock and roll
Boys Boys Boys
73.2%
All we care about is, runway models
The Fame
70.7%
Look at him, look at me, that boy is bad
Monster
70.1%
I have something that I love long, long
Eh, Eh
59.8%
I'm in the bedroom, with tissues and when
I Like It Rough
54.9%
Cause I do not except any less,
Paper Gangsta
51.8%
Quiz Playlist
Details
Report
Send in Message
Add To Playlist
Classic:
Type in answers that appear in a list
Forced Order:
Answers have to be entered in order
Last Updated: Feb 16, 2017
Quiz Scoreboard
CHALLENGE
Sign Up to Join the Scoreboard
Show All
Scores
Hide
Comments
May contain spoilers
Recently Published
Colored Red Africa Blitz
by spor1
Geography
30s
Find the 'City' Movie
by crazypaving
Movies
60s
5x2 Blitz: Bands
by SL_Kpop136
Music
30s
More to Explore
Quiz From the Vault
Featured Blog Post
14 Easter Pick-up Lines to Find Eggs With
hide this ad
You Might Also Like...
Tags
Lyrics Quiz
Song Quiz
Lady
Lady Gaga
Today's Top Quizzes in Music
Browse Music
hide this ad
Today's Top Quizzes in Song
Browse Song
Top Contributed Quizzes in Music
1
5X2 Blitz: Bands II
2
Taylor Swift All Songs (2024)
3
Taylor Swift Logic Puzzle II
4
5X2 Blitz: The Beatles
5
5X2 Blitz: Billboard
6
Taylor Swift Logic Puzzle
7
5X2 Blitz: Billboard II
8
5X2 Blitz: Album
9
5X2 Blitz: Singers
10
Music Artist by Three 2010s hits
Explore More
Trending Topics
NBA
Crossword
Anime
Disney
Marvel
Harry Potter
Kpop
The Office
Pokémon
Soccer
WWE
Country
Puzzle
NFL
Song
hide this ad
More By:
123cee
Quiz
Plays
Rating
Category
Featured
Created
Carrie Underwood songs by first lyric
3,512
3.80
Music
Jun 8, 2010
Taylor Swift lyrics, do you know them?
1,281
3.50
Music
Oct 16, 2010
Hannah Montana Characters
677
2.00
Television
Sep 22, 2010
'Cooler Than Me' lyrics
399
1.00
Music
Jun 24, 2010
Guess the song!
207
1.00
Music
May 22, 2010
Go to Creator's Profile
Score Distribution
Quiz Creator Spotlight
123cee
Follow
Send a Message
Quizzes Created
-
Created Quiz Play Count
-
More By This Creator
Popular Quizzes Today
1
Colored Red Africa Blitz
2
Find the 'City' Movie
3
Find the US States - No Outlines Minefield
4
5x2 Blitz: Bands
5
The Countries of the World
6
Find the US States
7
US States
8
9x9 Crossword: Cartoon Network
More Music Quizzes
Absent Letter Classic Rock Bands
Curator's Pick
Trending Quizzes
Colored Red Europe Blitz I
Colored Red Europe Blitz II
Colored Red Africa Blitz II
Colored Red Africa Blitz III
Colored Red Europe Blitz III
Recently Updated
Grab Bag: 4-10 Letters
pecheneg
2024 March Madness Bracket
pecheneg
Famous TV Couples
Peacemaker
Champions League XIs: Real Madrid
pecheneg
Largest US Cities 1790-2010
pecheneg
Rides in Walt Disney World
pecheneg
Most Oscar Losses (Acting)
pecheneg
Beyoncé Albums
pecheneg
Leaping Animals
pecheneg
Reality TV Shows (A-Z)
bhenderson79
Trending Topics
Marvel
Anime
Crossword
NBA
Kpop
Harry Potter
Disney
Pokémon
WWE
The Office
Puzzle
NFL
Soccer
Country
Song
Your Account Isn't Verified!
In order to create a playlist on Sporcle, you need to verify the email address you used during registration. Go to your
Sporcle Settings
to finish the process.
Report this User
Report this user for behavior that violates our
Community Guidelines
.
Details:
Send Report
Go to the Sporcle.com Mobile Site →
Comments